000 01358njm a22002893a 4500
005 20020122140905.0
008 020122s2000 xxuuun
010 _aB-345590-592
020 _a0746057792
_c65.00
020 _a9780746057797
_c65.00
035 _aB-345590-592
037 _bTarun Books
040 _adpl
_bEnglish
082 _aS
100 _aSims, Lesley
245 _aThe story of castles /
_cby Lesley Sims; illustrated by Teri Gower
260 _c2004
_aLondon
_bUsborne Publishing
270 _a83-85 Saffron Hill,
_bLondon
300 _a64p.:
_bill.
_c20cm(pbk)
490 _aUsborne young reading; series two
700 _aGower, Teri
942 _2ddc
_cCH
_hS
_mSIM
999 _c21856
_d21856